Thơ văn Đoàn Nguyễn Tuấn. Hải ông thi tập
Nghiên cứu cuộc đời và sự nghiệp nhà văn thời Tây Sơn Đoàn Nguyên Tuấn. Phân tích dịch từ Hán sang Nôm cuốn "Hải ông thi tập" của ông
Saved in:
| Main Author: | |
|---|---|
| Other Authors: | , |
| Format: | Book |
| Language: | Vietnamese |
| Published: |
H.
Khoa học xã hội
1982
|
| Subjects: | |
| Tags: |
Add Tag
No Tags, Be the first to tag this record!
|
| Institutions: | Mạng thư viện Đại học Đà Nẵng |
|---|
| LEADER | 01565nam a2200385 4500 | ||
|---|---|---|---|
| 001 | 000005237 | ||
| 003 | 1380 | ||
| 005 | 20120409140453.0 | ||
| 008 | 110812s1982 viesd | ||
| 020 | |c 10500đ | ||
| 041 | 0 | |a vie | |
| 082 | |a 895.9221 |b ĐO-T | ||
| 100 | 0 | |a Đoàn Nguyễn Tuấn | |
| 245 | 0 | |a Thơ văn Đoàn Nguyễn Tuấn. Hải ông thi tập |c Dịch: Đào Phương Bình... Hiệu đính Đào Phương Bình, Trương Đình Nguyên | |
| 260 | |a H. |b Khoa học xã hội |c 1982 | ||
| 300 | |a 319 tr |c 19 cm | ||
| 500 | |a Đầu trang tên sách ghi: Uy ban KHXH Việt Nam. Viện nghiên cứu Hán Nôm | ||
| 520 | |a Nghiên cứu cuộc đời và sự nghiệp nhà văn thời Tây Sơn Đoàn Nguyên Tuấn. Phân tích dịch từ Hán sang Nôm cuốn "Hải ông thi tập" của ông | ||
| 653 | |a Nghiên cứu văn học | ||
| 653 | |a Văn học cận đại | ||
| 653 | |a Thơ | ||
| 653 | |a Văn | ||
| 700 | |a Đào Phương Bình... |e dịch | ||
| 700 | |a Trương Đình Nguyên |e hiệu đính | ||
| 910 | |a Nguyễn thị Kim Oanh |d 12/ 08/ 2011 | ||
| OWN | |a LSP | ||
| AVA | |a UDN50 |b LSP |d 895.9221 ĐO-T |e unavailable |t Error 5002 Not defined in file expand_doc_bib_avail. |f 1 |g 1 |h N |i 0 |k 1 | ||
| 999 | |a From the UDN01 | ||
| AVA | |a UDN50 |b LSP |d 895.9221 ĐO-T |e unavailable |t Error 5002 Not defined in file expand_doc_bib_avail. |f 1 |g 1 |h N |i 0 |k 1 | ||
| TYP | |a Monograph | ||
| TYP | |a Printed language | ||
| 980 | |a Mạng thư viện Đại học Đà Nẵng | ||